Word Ladder: Condiments Quiz Stats

Quiz Updated Jan 8, 2016

Challenge
Share
Tweet
Embed
Score 0/24 Timer 02:00
5 Plays Today
Clue 4-Letter Word % Correct
๐Ÿฒ Crystalline sodium chloride ๐Ÿฒ๐Ÿฒ SALT ๐Ÿฒ
96.7%
Meat from a pigPORK
96%
One of 18 on a golf courseHOLE
94.7%
Explorer Marco; horseback sportPOLO
93.4%
Come to a standstillHALT
92.4%
Lacking heatCOLD
92.2%
Color for a cartoon pantherPINK
92%
To choose, selectPICK
91.1%
Prepare to travelPACK
91.1%
11th president of the USAPOLK
89.4%
Beer measurePINT
89.2%
Public garden; common Korean surnamePARK
87.9%
Clue 4-Letter Word % Correct
It puts the 'blue' in blue cheeseMOLD
85.8%
In fine shapeHALE
84.8%
๐Ÿฒ Generic name for a lot of Mexican sauces ๐Ÿฒ๐Ÿฒ MOLE ๐Ÿฒ
82.9%
๐Ÿฒ ____-____: hot & spicy Indonesian condiment ๐Ÿฒ๐Ÿฒ COLO ๐Ÿฒ
78.9%
The voice of the iPhoneSIRI
76.5%
๐Ÿฒ Garden herb; moneymaking enterprise ๐Ÿฒ๐Ÿฒ MINT ๐Ÿฒ
75.7%
Drizzly day phenomenonMIST
67.8%
Your highness, your majestySIRE
65.1%
Thick and deep mudMIRE
58.5%
๐Ÿฒ Japanese soybean paste ๐Ÿฒ๐Ÿฒ MISO ๐Ÿฒ
53%
Barcelona-born surrealist JoanMIRร“
45.7%
๐Ÿฒ ____ ____: African bird's eye chili ๐Ÿฒ๐Ÿฒ PIRI ๐Ÿฒ
18.9%

Today's Daily Dose

You're not logged in!

Compare scores with friends on all Sporcle quizzes.
Sign Up with Email
OR
Log In

You Might Also Like...

Show Comments

Extras

Top Quizzes Today


Score Distribution

Your Account Isn't Verified!

In order to create a playlist on Sporcle, you need to verify the email address you used during registration. Go to your Sporcle Settings to finish the process.

Report this User

Report this user for behavior that violates our Community Guidelines.

Details: